书目信息 |
| 题名: |
川端康成传
|
|
| 作者: | 小谷野敦 著 ;赵仲明 译 | |
| 分册: | ||
| 出版信息: | 杭州 浙江文艺出版社 2022.04 |
|
| 页数: | 18, 588页 | |
| 开本: | 23cm | |
| 丛书名: | ||
| 单 册: | ||
| 中图分类: | K833.135.6 | |
| 科图分类: | ||
| 主题词: | ||
| 电子资源: | ||
| ISBN: | 978-7-5339-6785-7 | |
| 000 | 00998nam0 2200241 450 | |
| 001 | 011025153342 | |
| 005 | 20221025153342.0 | |
| 010 | @a978-7-5339-6785-7@dCNY128.00 | |
| 100 | @a20201004d2022 em y0chiy0120 ea | |
| 101 | 1 | @achi@cjpn |
| 102 | @aCN@b330000 | |
| 105 | @aab z 000yb | |
| 106 | @ar | |
| 200 | 1 | @a川端康成传@Achuan duan kang cheng chuan@e双面之人@f(日) 小谷野敦著@g赵仲明译 |
| 210 | @a杭州@c浙江文艺出版社@d2022.04 | |
| 215 | @a18, 588页@c照片, 地图@d23cm | |
| 300 | @a人物传记系列澄心文化 | |
| 330 | @a本书作者对川端康成的大量日记、书信和相关历史资料进行分析和研究,以反歌颂式传记的客观笔触,勾勒出日本文学巅峰人物传奇且充满争议的一生,颠覆了人们长期以来对这位文学巨匠的固有认知和定位,从而探究川端康成鲜为人知的双面人生。 | |
| 600 | 0 | @a川端康成@Achuan duan kang cheng@f(1899-1972)@x传记 |
| 690 | @aK833.135.6@v5 | |
| 701 | 0 | @c(日)@a小谷野敦@Axiao gu ye dun@f(1962~)@4著 |
| 702 | 0 | @a赵仲明@Azhao zhong ming@f(1962~)@4译 |
| 905 | @a河南城建学院图书馆@dK833.135.6@eX375 | |
| 川端康成传:双面之人/(日) 小谷野敦著/赵仲明译.-杭州:浙江文艺出版社,2022.04 |
| 18, 588页:照片, 地图;23cm |
| 人物传记系列澄心文化 |
| ISBN 978-7-5339-6785-7:CNY128.00 |
| 本书作者对川端康成的大量日记、书信和相关历史资料进行分析和研究,以反歌颂式传记的客观笔触,勾勒出日本文学巅峰人物传奇且充满争议的一生,颠覆了人们长期以来对这位文学巨匠的固有认知和定位,从而探究川端康成鲜为人知的双面人生。 |
| ● |
| 相关链接 |
|
|
|
正题名:川端康成传
索取号:K833.135.6/X375
 
预约/预借
| 序号 | 登录号 | 条形码 | 馆藏地/架位号 | 状态 | 备注 |
| 1 | 1587708 | 215877086 | 社科库309/309社科库 60排6列5层/ [索取号:K833.135.6/X375] | 在馆 |